<?xml version="1.0" encoding="UTF-8"?>
<record
    xmlns:xsi="http://www.w3.org/2001/XMLSchema-instance"
    xsi:schemaLocation="http://www.loc.gov/MARC21/slim http://www.loc.gov/standards/marcxml/schema/MARC21slim.xsd"
    xmlns="http://www.loc.gov/MARC21/slim">

  <leader>02518nam a22002417a 4500</leader>
  <controlfield tag="005">20250507111413.0</controlfield>
  <controlfield tag="008">250505b        |||||||| |||| 00| 0 eng d</controlfield>
  <datafield tag="020" ind1=" " ind2=" ">
    <subfield code="a">9789351611738</subfield>
  </datafield>
  <datafield tag="040" ind1=" " ind2=" ">
    <subfield code="c">AIMIT LIBRARY</subfield>
  </datafield>
  <datafield tag="082" ind1=" " ind2=" ">
    <subfield code="2">1</subfield>
    <subfield code="a">519.5</subfield>
    <subfield code="b">GUPS</subfield>
  </datafield>
  <datafield tag="100" ind1=" " ind2=" ">
    <subfield code="a">Gupta, S C.</subfield>
    <subfield code="9">209347</subfield>
  </datafield>
  <datafield tag="245" ind1=" " ind2=" ">
    <subfield code="a">Fundamentals of mathematical statistics /</subfield>
    <subfield code="c">By S C Gupta and V K Kapoor.</subfield>
  </datafield>
  <datafield tag="250" ind1=" " ind2=" ">
    <subfield code="a">1st ed.</subfield>
  </datafield>
  <datafield tag="260" ind1=" " ind2=" ">
    <subfield code="a">New Delhi :</subfield>
    <subfield code="b">Sultan Chand &amp; Sons ,</subfield>
    <subfield code="c">2024.</subfield>
  </datafield>
  <datafield tag="300" ind1=" " ind2=" ">
    <subfield code="a">xviii,21.40,A.17,I.8p. ;</subfield>
    <subfield code="b">PB</subfield>
    <subfield code="c">24.6 cm</subfield>
  </datafield>
  <datafield tag="500" ind1=" " ind2=" ">
    <subfield code="a">About the book

The entire text has been restructured, rewritten and updated to cater to the revised syllabi of almost all universities, and various other professional examinations. During the course of rewriting, it has been specially borne in mind to retain all the basic features of the previous editions especially the simplicity of presentation, lucidity of style and analytical approach which have been appreciated by the readers throughout the country. A conscious effort has been made to make the presentation of all topics discussed very simple and to develop the subject-matter in such step-by-step manner that the book can serve as self-study text for the students. A number of typical problems have been added as solved examples in each chapter. These will enable the reader to have a better and thoughtful understanding of the basic concepts of the theory and its various applications. Several new topics have been added at appropriate places in various chapters to make the treatment of subject matter more exhaustive and up-to-date.</subfield>
  </datafield>
  <datafield tag="505" ind1=" " ind2=" ">
    <subfield code="a">
Contents :

Introduction
Descriptive Measures
Theory of Probability
Random Variables &#x2013; Distribution Function
Mathematical Expectation, Generating Functions and Law of Large Numbers
Special Discrete Probability Distributions
Special Continuous Probability Distributions
Correlation
Regression
Additional Topics on Correlation and Regression
Theory of Attributes
Large Sample Theory
Sampling Distribution Exact (Chisquare Distribution)
Exact Sampling Distributions (t) F and Z Distributions)
Theory of Estimation
Testing of Hypothesis
Finite Difference and Numerical Analysis
 Bivariate and Multivariate Normal Distributions 
Some Additional Topics

Appendix</subfield>
  </datafield>
  <datafield tag="650" ind1=" " ind2=" ">
    <subfield code="a">Random variable and distribution functions</subfield>
    <subfield code="9">209348</subfield>
  </datafield>
  <datafield tag="650" ind1=" " ind2=" ">
    <subfield code="a">Some additional topics</subfield>
    <subfield code="9">209349</subfield>
  </datafield>
  <datafield tag="650" ind1=" " ind2=" ">
    <subfield code="a">Bivariate and multivariate normal distribution</subfield>
    <subfield code="9">209350</subfield>
  </datafield>
  <datafield tag="700" ind1=" " ind2=" ">
    <subfield code="a">Kapoor, V K.</subfield>
    <subfield code="9">209351</subfield>
  </datafield>
  <datafield tag="942" ind1=" " ind2=" ">
    <subfield code="2">ddc</subfield>
    <subfield code="c">BK</subfield>
    <subfield code="e">1st</subfield>
    <subfield code="k">519.5 GUPS</subfield>
  </datafield>
  <datafield tag="999" ind1=" " ind2=" ">
    <subfield code="c">234285</subfield>
    <subfield code="d">234285</subfield>
  </datafield>
  <datafield tag="952" ind1=" " ind2=" ">
    <subfield code="0">0</subfield>
    <subfield code="1">0</subfield>
    <subfield code="2">ddc</subfield>
    <subfield code="4">0</subfield>
    <subfield code="7">0</subfield>
    <subfield code="8">MBA</subfield>
    <subfield code="a">AIMIT</subfield>
    <subfield code="b">AIMIT</subfield>
    <subfield code="c">MS</subfield>
    <subfield code="d">2025-03-14</subfield>
    <subfield code="e">Biblios Book Point</subfield>
    <subfield code="g">795.00</subfield>
    <subfield code="i">Bill.no:7467; Bill.dt:2025/03/11</subfield>
    <subfield code="l">0</subfield>
    <subfield code="o">519.5 GUPS</subfield>
    <subfield code="p">MBA15051</subfield>
    <subfield code="r">2026-05-23 00:00:00</subfield>
    <subfield code="v">675.75</subfield>
    <subfield code="w">2025-05-05</subfield>
    <subfield code="y">BK</subfield>
  </datafield>
  <datafield tag="952" ind1=" " ind2=" ">
    <subfield code="0">0</subfield>
    <subfield code="1">0</subfield>
    <subfield code="2">ddc</subfield>
    <subfield code="4">0</subfield>
    <subfield code="7">0</subfield>
    <subfield code="8">MBA</subfield>
    <subfield code="a">AIMIT</subfield>
    <subfield code="b">AIMIT</subfield>
    <subfield code="c">MS</subfield>
    <subfield code="d">2025-03-14</subfield>
    <subfield code="e">Biblios Book Point</subfield>
    <subfield code="g">795.00</subfield>
    <subfield code="i">Bill.no:7467; Bill.dt:2025/03/11</subfield>
    <subfield code="l">0</subfield>
    <subfield code="o">519.5 GUPS</subfield>
    <subfield code="p">MBA15052</subfield>
    <subfield code="r">2026-05-23 00:00:00</subfield>
    <subfield code="v">675.75</subfield>
    <subfield code="w">2025-05-05</subfield>
    <subfield code="y">BK</subfield>
  </datafield>
</record>
